Teknologi elektrik

Bibliographic Details
Main Author: Yahya Emat
Format: Book
Published: Selangor : IBS Buku , 2006
Subjects:

MARC

LEADER 00000cam a2200000 7i4500
001 0000014337
005 20080319.0
008 080319
020 |a 967950235X 
090 0 0 |a 537   |b YAH 
100 0 |a Yahya Emat 
245 1 0 |a Teknologi elektrik   |c Yahya Emat 
260 |a Selangor :   |b IBS Buku ,   |c 2006 
650 0 |a Electricity 
650 0 |a Magnetism 
999 |a 0001017679   |b Book   |c Adult Collection   |e Cawangan Pontian 
999 |a 0001017680   |b Book   |c Adult Collection   |e Perbadanan Perpustakaan Awam Johor 
999 |a 0001017681   |b Book   |c Adult Collection   |e Perbadanan Perpustakaan Awam Johor 
999 |a 0001017682   |b Book   |c Adult Collection   |e Cawangan Sri Merlong